000 00466nam a2200169 i 4500
001 56153
003 ES-MaACL
005 20230906163309.0
007 t|
008 031003s1969 sp ||||1| spa d
100 1 _aDíaz-Plaja, Guillermo,
_d1909-1984
_9162428
245 1 3 _aEl oficio de escribir /
_cGuillermo Díaz-Plaja.
260 _aMadrid :
_bAlianza,
_c[1969]
300 _a228 p. ;
_c18 cm.
852 _aES-MaACL
_jC-35372
_bR.68870
999 _c56153
_d56153